| 000 | 00852cam a22002537i 4500 | ||
|---|---|---|---|
| 999 |
_c7532 _d7532 |
||
| 003 | OSt | ||
| 005 | 20200312080944.0 | ||
| 008 | 150827t20142014nyua 000 0 eng | ||
| 020 |
_a9781770854475 _q(bound) |
||
| 082 | 0 | 4 |
_a720.47 _223 _bALV |
| 100 | 1 |
_aÁlvarez, Ana María, _d1976- _eauthor. |
|
| 245 | 1 | 0 |
_aSustainable residential architecture / _cAna M. Álvarez. |
| 300 |
_a399 pages : _billustrations (chiefly color) ; _c26 cm |
||
| 650 | 0 | _aSustainable architecture. | |
| 650 | 0 |
_aSustainable architecture _vDesigns and plans. |
|
| 650 | 0 | _aSustainable living. | |
| 650 | 0 | _aArchitecture, Domestic. | |
| 650 | 0 |
_aArchitecture, Domestic _vDesigns and plans. |
|
| 650 | 7 |
_aArchitecture, Domestic. _2fast |
|
| 650 | 7 |
_aSustainable architecture. _2fast |
|
| 650 | 7 |
_aSustainable living. _2fast |
|
| 655 | 7 |
_aDesigns and plans. _2fast |
|
| 942 | _2ddc | ||